000 00885nam a22002777a 4500
001 7618
003 FISKH
005 20250728103915.0
008 250728b cb ||||| |||| 00| 0 eng d
040 _aFISKH
_beng
_cFISKH
_dFISKH
050 _aQC161.J64
082 _a551.5
100 _aJohnston, Tom
245 _aLet's imagine : Air /
_cTom Johnston ; Illustrated by Sarah Pooley
260 _aLondon :
_bBodley Head,
_c1985.
300 _a31 pages :
_bcolor illustrations ;
_c22 x 23 cm
505 _aK
520 _aIllustrates the properties of air, how air works for us, and how we use and abuse it.
521 8 _a510
_bLexile estimate
521 8 _aK
_bRaz-Plus
650 _aAir
_vChildren's
_xScience Study
650 _aOxygen Projects
_vNon-Fiction
_xEarth Science
700 _aPooley, Sarah
_eillustrator
942 _2ddc
_cBK
_n0
999 _c7618
_d7618